000 00907nam1a2200253 4500
001 RU\NLR\BIBL_A\011369424
005 20260628170804.0
035 _a(NLR Aleph) 011369424
090 _a13740080
_c13740080
100 _a20170417g1978 u y0rusy50 ca
101 0 _aaba
102 _aRU
105 _ay z 000 y
200 1 _aАщхьаркт ащахахра
_eхабаргIвра
_fЦекъва Пасарби
210 _aЧеркесск
_cСтаврополь книга гIацIщтырта. Къарча-Черкес хъвшара
_d1978
215 _d20
541 1 _6z01790
_aМесть горного аула
_eповесть
_zrus
686 1 _aШ6(2=А)7-4
700 1 _aЦекъва
_bП.
_gПасарби
_4070
790 1 _6z01541
_aЦеков
_bП. К.
_f1922-1984
_gПасарби Кучукович
_4070
852 _aNLR
_bОНЛ
_jАбаз./2-143
942 _cBOOK
980 _aNB